| 000 | 00417nam a22001577a 4500 | ||
|---|---|---|---|
| 005 | 20231110125420.0 | ||
| 008 | 231110b |||||||| |||| 00| 0 eng d | ||
| 041 | _aEnglish | ||
| 082 | _a346.1 DIV | ||
| 100 |
_aCohen, C _lEnglish |
||
| 245 |
_aDivorce Mediation / _cC Cohen |
||
| 260 | _c1996 | ||
| 300 |
_b19 pages ; _c30,5 cm. |
||
| 650 |
_aLegal practice _bLaw |
||
| 942 |
_cBK _6ALISON_BN_VRIES |
||
| 999 |
_c524 _d524 |
||